Adómorál Magyarországon szabálykövetési hajlandóság és adórendszeri ösztönzők

Bibliográfiai részletek
Szerző: Baráth Dóra
További közreműködők: Fellegi Dr. Miklós
Dokumentumtípus: Diplomadolgozat
Kulcsszavak:adó(k)
adóhivatal(ok)
adókedvezmény(ek)
adómorál
feketegazdaság
Online Access:http://dolgozattar.uni-bge.hu/60387

MARC

LEADER 00000nta a2200000 i 4500
001 dolg60387
005 20260409150522.0
008 260409suuuu hu om 000 hun d
040 |a BGE Dolgozattár Repozitórium  |b hun 
041 |a hu 
100 1 |a Baráth Dóra 
245 1 0 |a Adómorál Magyarországon  |b szabálykövetési hajlandóság és adórendszeri ösztönzők  |c Baráth Dóra  |h [elektronikus dokumentum] 
520 3 |a A szakdolgozat a magyar adómorál sajátosságait vizsgálja, és feltárja azokat a tényezőket, amelyek meghatározzák az adófizetők szabálykövetési hajlandóságát. Elemzi a demográfiai jellemzők, az intézményi bizalom, az adórendszer működése és az állami ellenőrzési mechanizmusok szerepét az önkéntes adófizetés alakulásában. A kutatás szekunder szakirodalmi forrásokra és primer kérdőíves adatgyűjtésre épül, melynek célja az egyéni attitűdök, a motivációk és az adórendszeri ösztönzők hatásainak feltárása. Az eredmények rávilágítanak arra, hogy a technológiai fejlesztések és a méltányos eljárás miként járulhat hozzá a bizalom erősödéséhez és a gazdaság fehéredéséhez Magyarországon. 
695 |a adó(k) 
695 |a adóhivatal(ok) 
695 |a adókedvezmény(ek) 
695 |a adómorál 
695 |a feketegazdaság 
700 1 |a Fellegi Dr. Miklós  |e ths 
856 4 0 |u http://dolgozattar.uni-bge.hu/60387/1/Szakdolgozat_Bar%C3%A1th_D%C3%B3ra_CBSV6S.pdf  |z Dokumentum-elérés 
856 4 0 |u http://dolgozattar.uni-bge.hu/60387/2/BA_Bar%C3%A1th%20D%C3%B3ra_Ad%C3%B3mor%C3%A1l.pdf  |z Dokumentum-elérés